01079 a2200181 4500003000500000005001700005040000900022082001400031100002000045245008200065260002800147300001200175505053200187650002400719942001200743999001900755952012300774Nust20230306131816.0 cNust a303.6,LAY aLay J S9109879 aCitizenship :bEverday Social Problems for the Nation's Youth /cE.D .J.S Lay aLondonbMacmillanc1926 a280:p.; aThe Problem of Thinking and Doing (Page-10), The Problem of Health (Page-13), The Problem of Education,1 (Page-33), The Problem of Education (Page-50), The Problem of Leisure (Page-68), The Problem of Wealth (Page-89), The Problem of Wages (Page-101), The Problem of Capital (Page-109), The Problem of Chossing a Job (Page-131), The Problem of Spending (Page-150), The Problem of Liberty (Page-169), The Problem of Government (Page-196), The Problem of the League of Nations (Page-221), Some other of Noted Citizens (Page-257). aCitizenship9109880 2ddccBK c184802d184802 00102ddc4070aMCSbMCScGENd2016-12-12o303.6,LAYpMCS30049r2016-12-08w2016-12-12yBKzAlmirah No.73, Shelf No.4